| 000 | 00604nam a22002057a 4500 | ||
|---|---|---|---|
| 005 | 20251108173345.0 | ||
| 008 | 250721s1996 xx 000 0 ara d | ||
| 020 | _a9770093947 | ||
| 082 | 1 | 4 | _aط/962.03 |
| 100 | 1 | _aحسن، هلا | |
| 245 | 1 | 0 | _aمصر في عهد محمد علي / |
| 264 | 1 |
_aالجيزة : _bمكتبة بسام، _c1996. |
|
| 300 | _a16ص. | ||
| 490 | 0 |
_aلمحات من تاريخ مصر و العرب _v13 |
|
| 650 | 1 | 7 | _aتاريخ مصر |
| 653 | _a(سنة 14-10) ناشئون صغار | ||
| 653 | _aمحمد علي باشا | ||
| 942 |
_2ddc _cBK |
||
| 999 |
_c102032 _d102032 |
||